书目信息 |
| 题名: |
应用光学
|
|
| 作者: | 安连生 , 李林 , 李全臣 编著 | |
| 分册: | ||
| 出版信息: | 北京 北京理工大学出版社 2002 |
|
| 页数: | 248页 | |
| 开本: | 26cm | |
| 丛书名: | ||
| 单 册: | ||
| 中图分类: | O439 | |
| 科图分类: | ||
| 主题词: | 应用光学--高等学校--教材 | |
| 电子资源: | ||
| ISBN: | 7-81045-912-0 | |
| 000 | 00943nam0 2200253 450 | |
| 001 | 060000005647 | |
| 005 | 20050913162928.93 | |
| 010 | @a7-81045-912-0@dCNY25.00 | |
| 100 | @a20040806e20032002ekmy0chiy0120 ea | |
| 101 | 0 | @achi |
| 102 | @aCN@b110000 | |
| 105 | @aak z 000yy | |
| 200 | 1 | @a应用光学@Aying yong guang xue@f安连生,李林,李全臣编著@Fan lian sheng,li lin,li quan chen bian zhu |
| 205 | @a3版 | |
| 210 | @a北京@c北京理工大学出版社@d2002 | |
| 215 | @a248页@c图@d26cm | |
| 330 | @a本书内容包括几何光学基本原理,共轴球面系统的物像关系,眼睛和目视光学系统,平面镜棱镜系统,光学系统中成像光束的选择,幅射度学和光度学基础,色度学基础,光学系统成像质量评价,望远镜和显微镜,照相机和投影仪等。 | |
| 606 | 0 | @a应用光学@x高等学校@x教材 |
| 690 | @aO439@v4 | |
| 701 | 0 | @a安连生@Aan lian sheng@4编著 |
| 701 | 0 | @a李林@Ali lin@4编著 |
| 701 | 0 | @a李全臣@Ali quan chen@4编著 |
| 801 | 0 | @aCN@bTSSF@c20050913 |
| 905 | @a10447@dO439@e30=3 | |
| 应用光学/安连生,李林,李全臣编著.-3版.-北京:北京理工大学出版社,2002 |
| 248页:图;26cm |
| ISBN 7-81045-912-0:CNY25.00 |
| 本书内容包括几何光学基本原理,共轴球面系统的物像关系,眼睛和目视光学系统,平面镜棱镜系统,光学系统中成像光束的选择,幅射度学和光度学基础,色度学基础,光学系统成像质量评价,望远镜和显微镜,照相机和投影仪等。 |
| ● |
| 相关链接 |
|
|
|
|
正题名:应用光学
索取号:O439/30=3
 
预约/预借
| 序号 | 登录号 | 条形码 | 馆藏地/架位号 | 状态 | 备注 |
| 1 | 0360827 | 3608279 | 第二样本阅览室/ [索取号:O439/30=3] | 在馆 | |
| 2 | 0360828 | 3608288 | 第三借阅区/ [索取号:O439/30=3] | 在馆 | |
| 3 | 0360829 | 3608297 | 第三借阅区/ [索取号:O439/30=3] | 在馆 |